|
|
|
|
| LEADER |
00817cam a2200169 7i4500 |
| 001 |
0000138195 |
| 005 |
20081020090000.0 |
| 002 |
0000003271 |
| 090 |
0 |
0 |
|a LI 7 FPE 3 2006
|
| 100 |
0 |
# |
|a Faradilla Ghazali
|
| 245 |
1 |
0 |
|a Laporan akhir latihan industri di Nusa Holiday Village, Taman Negara dan SPKG Tours Sdn. Bhd.(Kuala Lumpur)
|c Faradilla Ghazali.
|
| 260 |
# |
# |
|a Terengganu:
|b Kolej Universiti Sains dan Teknologi Malaysia,
|c 2006.
|
| 300 |
|
|
|a x, 74 p.;
|c 30 cm..
|
| 502 |
# |
# |
|a Latihan Industri FPE (Sarjana Muda Pengurusan - Pemasaran) 2006
|
| 520 |
3 |
# |
|a Syarikat Pelancongan Keluarga Ghazali SPKG) telah diberikan lesen oleh kerajaan dengan tujuan untuk menjalankan aktiviti-aktivti perniagaan pelancongan di Taman Negara, Pahang
|
| 602 |
# |
# |
|a Latihan Industri FPE 2006
|
| 999 |
|
|
|a 1100045074
|b Book
|c Latihan Industri
|e BILIK ARKIB
|